| 000 | 01600nam a2200373 c 4500 | ||
|---|---|---|---|
| 999 |
_c192720 _d192720 |
||
| 003 | BLK | ||
| 005 | 20250201005445.0 | ||
| 008 | 180411b bul|||||r ||||||| ||bul|| | ||
| 010 | _aKNG00201919000 | ||
| 040 | _aBLK | ||
| 041 |
_aBUL _cBUL |
||
| 072 | 7 |
_2bullib _aА _xФонд Михаил Арнаудов |
|
| 080 |
_aБългарска литература _b821.163.2 _x(081) _z821.163.2(081) |
||
| 080 |
_aБългарска литература _b821.163.2 _x-32 _z821.163.2-32 |
||
| 139 |
_aВлайков, Тодор Генчов _bВ 71 |
||
| 245 | 1 | 0 |
_aСъчинения _bВ 4 т. _cТодор Генчов Влайков; под ред. на Георги Константинов. _nТ. 2 _pСедянка |
| 257 | _aBGR | ||
| 260 |
_bХемус _c1941 - _fСофия : Изгрев |
||
| 300 | _c18 см | ||
| 380 | _aX | ||
| 490 |
_9396381 _aЧастна колекция - Академик Михаил Арнаудов _gДарение - Основен фонд |
||
| 505 | _tСтрина Венковица и снаха й | ||
| 505 | _tЧичо Стайко | ||
| 659 | _aА | ||
| 700 |
_aКонстантинов, Георги _gХристов, Георги Константинов _9364908 |
||
| 760 | 1 |
_aВлайков, Тодор Генчов _d1942 _hIV, 240 с. _nМека подв., неразрязана _tТ. 2 Седянка |
|
| 852 | _aМА 2079 | ||
| 856 | 4 | _qpdf | |
| 856 | 4 | _qpdf | |
| 942 |
_cKNG _n0 _s1 |
||
| 944 |
_aCR _c27.02.2017 _k _lCRON CRON |
||
| 944 |
_aED _c27.02.2017 _kГеновева_Генчева |
||
| 999 | _d192720 | ||